000 00642nam a22001817a 4500
999 _c184164
_d184164
005 20220113155911.0
010 _aENG-131111
020 _a978-93-9053-16-15
_c695.00
035 _aEN-114643
037 _bDBAD
082 _a709.54
100 _aPattanaik, Devdutt
245 _aIndian Culture, Art and Heritage:
_bFor Civil Services Examination/
_cDevdutt Pattanaik
260 _aUttar Pradesh
_bPearson India Education Services Pvt. Ltd
_c2021
270 _bUttar Pradesh
_a15th Floor, Tower-B, World Trade Tower, Plot No. 1, Block-C, Sector 16
_e201301
300 _a484p.
_c28cm(pbk)
942 _2ddc
_cEN
_h709.54
_mPAT